Tours - Choix multiples - Statistiques

Statistiques générales
  • Ce quiz a été pris 3 276 fois
    3 003 depuis la dernière actualisation
  • Le résultat moyen est 6 sur 10
Statistiques - réponses
Question Réponse % Correct
Sur quel fleuve Tours se trouve-t-elle ? Loire
95%
Comment appelle-t-on les habitants de Tours ? Tourangeaux
82%
Quel chef Franc a vaincu les Arabes à Tours en 732 ? Charles Martel
69%
Lequel de ceux-ci est le blason de Tours ?
68%
Dans quel contexte Tours devint-elle la capitale du Royaume de France en 1422 ? Pendant la guerre de 100 ans
62%
Lequel de ces plats est typique de Tours? Rillettes
61%
Quel était l'ancien nom Romain de Tours ? Caesarodunum
56%
Quel romancier français est né à Tours? Honoré de Balzac
55%
Lequel de ces monuments se trouve à Tours?
51%
Quel saint patron de la France était évêque de Tours? Saint Martin
43%
Aucun quiz correspondant
Distribution des résultats
% des personnes avec chaque résultat
Percentile par nombre de réponses
Votre historique - résultats
Vous n’avez pas pris ce quiz depuis la dernière actualisation